| 000 | 00905nam a22002657a 4500 | ||
|---|---|---|---|
| 001 | 00053701 | ||
| 003 | DO-SdBNP | ||
| 005 | 20230926121855.0 | ||
| 007 | 00053701 | ||
| 008 | 160622b 1983 sp xxu||||| |||| 00| 0 spa d | ||
| 020 | _a847461208X | ||
| 040 |
_aBPMSU _bspa _cBPMSU |
||
| 082 | 4 |
_a867.3 _bQ5h 1983 _222 |
|
| 092 |
_axxxxx _bxxxxx |
||
| 100 | 1 |
_aQuevedo, Francisco de, _d(1580-1645). |
|
| 245 | 1 | 0 |
_aHistoria de la vida del Buscón, llamado Don Pablos : _bejemplo de vagamundos y espejo de tacaños / _cFrancisco de Quevedo. |
| 260 |
_aMadrid : _bPromoción y Ediciones, _c1983. |
||
| 300 |
_a192 p. : _bil. ; _c19 cm |
||
| 490 | 0 |
_aGrandes genios de la literatura universal _v3 |
|
| 590 | _aInventariado, 2023/VM | ||
| 650 | 4 | _aSátira española | |
| 830 | 0 |
_pGrandes genios de la literatura universal ; _n3 |
|
| 910 | _aLPérez /VMateo V. Control calidad BPMSU | ||
| 942 |
_2ddc _cBK |
||
| 999 |
_c10501 _d10501 |
||